00352nam a2200121Ia 45000010005000000080041000050820024000461000072000702450023001422600023001659010027001889990015002152285241024s9999 xx 000 0 und d aRD/368.4/C755m/2011 aRepública Dominicana. Consejo Nacional de Seguridad Social (CNSS) 0aMemoria Anual 2011 bEd. Corripioc2012 a20/6/2012 2:48:24 p.m. c9329d9329